La carta de Colón anunciando el descubrimiento del Nuevo Mundo, 15 febrero-14 marzo 1493 : (Record no. 45307)

MARC details
000 -LEADER
campo de control de longitud fija 01052nam a2200241 i 4500
001 - NÚMERO DE CONTROL
campo de control 45307
003 - IDENTIFICADOR DE NÚMERO DE CONTROL
campo de control ES-MaACL
005 - FECHA Y HORA DE LA ÚLTIMA TRANSACCIÓN
campo de control 20250829060225.0
007 - CAMPO FIJO DE DESCRIPCIÓN FÍSICA--INFORMACIÓN GENERAL
campo de control de longitud fija t|
008 - DATOS DE LONGITUD FIJA--INFORMACIÓN GENERAL
campo de control de longitud fija 030325s1956 sp ||||1| spa d
100 1# - ENTRADA PRINCIPAL--NOMBRE DE PERSONA
Nombre de persona Colón, Cristóbal.
9 (RLIN) 39869
240 13 - TÍTULO UNIFORME
Título uniforme La carta sobre el descubrimiento
245 13 - MENCIÓN DEL TÍTULO
Título La carta de Colón anunciando el descubrimiento del Nuevo Mundo, 15 febrero-14 marzo 1493 :
Resto del título reproducción del texto original español, impreso en Barcelona (Pedro Posa, 1493), transcripción y reconstitución del mismo con notas críticas, historia del impreso y de su influencia en la historia universal.
260 ## - PUBLICACIÓN, DISTRIBUCIÓN, ETC.
Lugar de publicación, distribución, etc. Madrid :
Nombre del editor, distribuidor, etc. [s.n.],
Fecha de publicación, distribución, etc. 1956 (
Fabricante Tall. Hauser y Menet)
300 ## - DESCRIPCIÓN FÍSICA
Extensión 53 p. :
Otras características físicas il. ;
Dimensiones 35 cm.
594 ## - Nota al título y mención de responsabilidad
Nota al título y mención de responsabilidad Autor de la ed.: Carlos Sanz (p. [3])
651 #4 - PUNTO DE ACCESO ADICIONAL DE MATERIA--NOMBRE GEOGRÁFICO
Nombre geográfico América-
Subdivisión general Descubrimientos y exploraciones-
-- Españoles-
Subdivisión de forma Fuentes.
9 (RLIN) 162837
700 1# - ENTRADA AGREGADA--NOMBRE PERSONAL
Nombre de persona Sanz, Carlos,
Fechas asociadas al nombre 1903-1979
9 (RLIN) 103566
710 2# - ENTRADA AGREGADA--NOMBRE DE ENTIDAD CORPORATIVA
Nombre de entidad corporativa o nombre de jurisdicción como elemento de entrada Hauser y Menet (Madrid)
9 (RLIN) 4558
852 4# - LOCALIZACIÓN
Ubicación ES-MaACL
Número de control de estantería C-11148
852 4# - LOCALIZACIÓN
Ubicación ES-MaACL
Número de control de estantería GF-28
Holdings
Estatus retirado Estado de pérdida Estado de daño No para préstamo Biblioteca de origen Biblioteca actual Ubicación en estantería Fecha de adquisición Total de préstamos Signatura topográfica completa Código de barras Visto por última vez Precio de reemplazo Tipo de ítem Koha Fuente de adquisición
        Biblioteca del Ateneo de Madrid Biblioteca del Ateneo de Madrid Depósito 2 16/07/2021   GF-28 1202601 23/02/2023 23/02/2023 Libro impreso  
        Biblioteca del Ateneo de Madrid Biblioteca del Ateneo de Madrid Sala Palomar 17/01/2008   C-11148 1047673 23/02/2023 23/02/2023 Libro impreso